[Event "BIH-chT (Women)"]
[Site "Sarajevo"]
[Date "2023.11.02"]
[Round "4.2"]
[White "Maksimovic, Masa"]
[Black "Beslija, Hana"]
[Result "1-0"]
[WhiteElo "2105"]
[BlackElo "1545"]
[PlyCount "27"]
[EventDate "2023.10.31"]
[EventType "team-tourn"]
[EventRounds "5"]
[EventCountry "BIH"]
[SourceTitle "Mega2024 Update 01"]
[Source "Chessbase"]
[SourceDate "2023.11.12"]
[SourceVersion "1"]
[SourceVersionDate "2023.11.12"]
[SourceQuality "1"]
[WhiteTeam "Busovaca Hrasno (W)"]
[BlackTeam "Zenica Preporod (W)"]
[WhiteTeamCountry "BIH"]
[BlackTeamCountry "BIH"]

1. e4 d5 2. exd5 Qxd5 3. Nc3 Qa5 4. d4 c6 5. Nf3 Nf6 6. Bc4 Bf5 7. Ne5 e6 8. g4 Be4 9. 0-0 h6 10. Nxe4 Nxe4 11. Qe2 Nf6 12. Nxf7 Kxf7 13. Qxe6+ Kg6 14. Qf7+ 1-0

[Event "EU-ch 22nd"]
[Site "Terme Catez"]
[Date "2022.04.06"]
[Round "11"]
[White "Maksimovic, Masa"]
[Black "Kanyamarala, Trisha"]
[Result "1/2-1/2"]
[WhiteElo "2063"]
[BlackElo "2180"]
[PlyCount "82"]
[EventDate "2022.03.27"]
[EventType "swiss"]
[EventRounds "11"]
[EventCountry "SLO"]
[SourceTitle "CBM 208"]
[Source "ChessBase"]
[SourceDate "2022.06.30"]
[SourceVersion "1"]
[SourceVersionDate "2022.06.30"]
[SourceQuality "1"]

1. e4 c5 2. Nf3 Nc6 3. d4 cxd4 4. Nxd4 Nf6 5. Nc3 e6 6. Ndb5 Bc5 7. Be2 0-0 8. 0-0 a6 9. Nd6 Qc7 10. Nxc8 Raxc8 11. Bg5 Bd4 12. Bd3 Ne8 13. Kh1 f6 14. Bd2 Nd6 15. f4 f5 16. e5 Nf7 17. Rb1 d6 18. exd6 Nxd6 19. Qf3 Kh8 20. Qh3 Nd8 21. Ne2 Bf6 22. b3 b5 23. Ng1 N8b7 24. Nf3 Nf7 25. Ng5 Nxg5 26. fxg5 Be5 27. g6 h6 28. Rbe1 Bc3 29. Bxc3 Qxc3 30. Rxe6 Nc5 31. Ree1 Nxd3 32. Qxd3 Qf6 33. c4 bxc4 34. bxc4 Qxg6 35. Re5 Rcd8 36. Rd5 Rde8 37. c5 Qc6 38. Rdxf5 Rxf5 39. Qxf5 Re2 40. Qf8+ Kh7 41. Qf5+ Kh8 1/2-1/2

[Event "EU-ch 22nd"]
[Site "Terme Catez"]
[Date "2022.04.05"]
[Round "10"]
[White "Hommer, Jeremy"]
[Black "Maksimovic, Masa"]
[Result "1/2-1/2"]
[WhiteElo "2221"]
[BlackElo "2063"]
[PlyCount "101"]
[EventDate "2022.03.27"]
[EventType "swiss"]
[EventRounds "11"]
[EventCountry "SLO"]
[SourceTitle "CBM 208"]
[Source "ChessBase"]
[SourceDate "2022.06.30"]
[SourceVersion "1"]
[SourceVersionDate "2022.06.30"]
[SourceQuality "1"]

1. d4 g6 2. e4 Bg7 3. Nc3 d6 4. Be3 a6 5. Qd2 b5 6. 0-0-0 c6 7. Kb1 Qc7 8. f3 h5 9. h4 Nf6 10. Nh3 Bxh3 11. Rxh3 Nbd7 12. Rh1 Nb6 13. Bd3 Nfd7 14. Ne2 c5 15. c3 Rb8 16. Ka1 Nc4 17. Bxc4 bxc4 18. Qc2 Qa5 19. g4 hxg4 20. fxg4 cxd4 21. cxd4 Nc5 22. Qxc4 0-0 23. Nc3 Rb4 24. Qd5 Rfb8 25. Bc1 e6 26. Qxd6 Nb3+ 27. Kb1 Nxc1 28. Rh2 Bf8 29. Qf4 Qb6 30. Qxc1 Rxd4 31. h5 Rxd1 32. Nxd1 Qg1 33. Rc2 Rd8 34. Ne3 Qxc1+ 35. Rxc1 Bh6 36. Re1 Rd3 37. Nc4 gxh5 38. gxh5 Rh3 39. Kc2 Rxh5 40. Kd3 Kf8 41. e5 Ke7 42. Kd4 f6 43. exf6+ Kxf6 44. b3 Rh2 45. a4 Rh5 46. b4 Rh4+ 47. Re4 Rxe4+ 48. Kxe4 Bf8 49. b5 axb5 50. axb5 Bc5 51. b6 1/2-1/2

[Event "Belgrade Premier League"]
[Site "Belgrade"]
[Date "2021.10.10"]
[Round "9.5"]
[White "Maksimovic, Masa"]
[Black "Nedeljkovic, Dragan"]
[Result "1-0"]
[WhiteElo "2059"]
[BlackElo "2053"]
[PlyCount "57"]
[EventDate "2021.10.01"]
[EventType "team-tourn"]
[EventRounds "11"]
[EventCountry "SRB"]
[SourceTitle "CBM 204 Extra"]
[Source "ChessBase"]
[SourceDate "2021.11.30"]
[SourceVersion "1"]
[SourceVersionDate "2021.11.30"]
[SourceQuality "1"]
[WhiteTeam "Belgrade Turbina"]
[BlackTeam "Belgrade PTT"]
[WhiteTeamCountry "SRB"]
[BlackTeamCountry "SRB"]

1. e4 c5 2. Nf3 e6 3. d4 cxd4 4. Nxd4 a6 5. Nc3 Qc7 6. Bd3 Nc6 7. Nxc6 dxc6 8. 0-0 e5 9. Kh1 Nf6 10. f4 Bc5 11. Qe1 h5 12. f5 Ng4 13. Qg3 Bd7 14. Be2 0-0-0 15. Bxg4 hxg4 16. Qxg4 g6 17. h3 b5 18. Qe2 Bd4 19. Nd1 gxf5 20. exf5 Rdg8 21. c3 Bb6 22. c4 Bd4 23. c5 Bxc5 24. Be3 Bd4 25. Nc3 Qb6 26. Bxd4 exd4 27. Ne4 Kb8 28. Nf6 Rd8 29. Nxd7+ 1-0

[Event "Titled Tuesday intern op 14th Sept"]
[Site "Chess.com INT"]
[Date "2021.09.14"]
[Round "4"]
[White "Maksimovic, Masa"]
[Black "Krassilnikov, Evgeni"]
[Result "1-0"]
[WhiteElo "2059"]
[BlackElo "2381"]
[PlyCount "91"]
[EventDate "2021.09.14"]
[EventType "swiss (blitz)"]
[EventRounds "11"]
[EventCountry "USA"]
[SourceTitle "EXT 2022"]
[Source "ChessBase"]
[SourceDate "2021.10.06"]
[SourceVersion "1"]
[SourceVersionDate "2021.10.06"]
[SourceQuality "1"]

1. e4 c6 2. d4 d5 3. Nc3 dxe4 4. Nxe4 Nf6 5. Nxf6+ exf6 6. c3 Bd6 7. Bd3 0-0 8. Qc2 Re8+ 9. Ne2 h5 10. 0-0 h4 11. h3 Nd7 12. Bd2 Nf8 13. Rae1 Be6 14. c4 Bc7 15. f4 Qd6 16. a3 g6 17. Bb4 Qd7 18. f5 gxf5 19. Bxf5 Bxf5 20. Rxf5 Re6 21. Ref1 Rxe2 22. Qxe2 Qxd4+ 23. Kh1 Ng6 24. Rxf6 Bf4 25. Rf5 Rd8 26. Qg4 Bg3 27. Rxf7 Qxg4 28. hxg4 Ne5 29. Rf8+ Rxf8 30. Rxf8+ Kh7 31. Bd6 Nxc4 32. Bxg3 hxg3 33. Rf3 Nxb2 34. Rxg3 Nc4 35. Kh2 Kg6 36. Kh3 b5 37. Kh4 a5 38. g5 Nd6 39. Rd3 Ne4 40. Rd4 Nc3 41. Rd6+ Kf5 42. Rxc6 Ne4 43. g6 Nf6 44. g7 Ng8 45. Rc8 Nf6 46. g8Q 1-0

[Event "Titled Tuesday intern op 14th Sept"]
[Site "Chess.com INT"]
[Date "2021.09.14"]
[Round "3"]
[White "Maksimovic, Masa"]
[Black "Sliwicki, Damian"]
[Result "1-0"]
[WhiteElo "2059"]
[BlackElo "2168"]
[PlyCount "69"]
[EventDate "2021.09.14"]
[EventType "swiss (blitz)"]
[EventRounds "11"]
[EventCountry "USA"]
[SourceTitle "EXT 2022"]
[Source "ChessBase"]
[SourceDate "2021.10.06"]
[SourceVersion "1"]
[SourceVersionDate "2021.10.06"]
[SourceQuality "1"]

1. e4 c5 2. Nf3 g6 3. d4 cxd4 4. Nxd4 Nc6 5. Nc3 Bg7 6. Be3 Nf6 7. Nxc6 bxc6 8. e5 Ng8 9. Bd4 f6 10. f4 Qa5 11. Qe2 fxe5 12. Bxe5 Nf6 13. 0-0-0 0-0 14. Qe1 d6 15. Bc4+ Kh8 16. Bd4 Rb8 17. Bb3 Ba6 18. Ne4 Qf5 19. Nxf6 Qxf4+ 20. Kb1 Bxf6 21. Bxf6+ Qxf6 22. h4 c5 23. c3 c4 24. Bc2 Rb5 25. Ka1 Rfb8 26. Rb1 Ra5 27. h5 Qg5 28. Rd1 gxh5 29. Qe4 Qg6 30. Qd4+ Qg7 31. Qe4 Rab5 32. Rb1 Bc8 33. Rhf1 d5 34. Rf8+ Qxf8 35. Qxh7# 1-0

[Event "Titled Tuesday intern op 14th Sept"]
[Site "Chess.com INT"]
[Date "2021.09.14"]
[Round "11"]
[White "Maksimovic, Masa"]
[Black "Upper, John"]
[Result "1-0"]
[WhiteElo "2059"]
[BlackElo "1980"]
[PlyCount "65"]
[EventDate "2021.09.14"]
[EventType "swiss (blitz)"]
[EventRounds "11"]
[EventCountry "USA"]
[SourceTitle "EXT 2022"]
[Source "ChessBase"]
[SourceDate "2021.10.06"]
[SourceVersion "1"]
[SourceVersionDate "2021.10.06"]
[SourceQuality "1"]

1. e4 c5 2. Nf3 Nc6 3. d4 cxd4 4. Nxd4 Nf6 5. Nc3 e5 6. Ndb5 d6 7. Bg5 a6 8. Na3 b5 9. Nd5 Be7 10. Bxf6 Bxf6 11. c3 0-0 12. Nc2 Rb8 13. g3 Bg5 14. Bg2 f5 15. exf5 Bxf5 16. 0-0 Be6 17. Nce3 Kh8 18. Qd3 a5 19. Rad1 b4 20. Be4 h6 21. h4 Bf6 22. Nxf6 Qxf6 23. Bxc6 bxc3 24. bxc3 Rb2 25. Rd2 Rxd2 26. Qxd2 Bh3 27. Bg2 Bxg2 28. Kxg2 e4 29. Nd5 Qf3+ 30. Kg1 Rf5 31. Ne7 Rf7 32. Qxd6 Rf6 33. Qd8+ 1-0

[Event "Titled Tuesday intern op 14th Sept"]
[Site "Chess.com INT"]
[Date "2021.09.14"]
[Round "1"]
[White "Sellitti, Federico"]
[Black "Maksimovic, Masa"]
[Result "1-0"]
[WhiteElo "2176"]
[BlackElo "2059"]
[PlyCount "125"]
[EventDate "2021.09.14"]
[EventType "swiss (blitz)"]
[EventRounds "11"]
[EventCountry "USA"]
[SourceTitle "EXT 2022"]
[Source "ChessBase"]
[SourceDate "2021.10.06"]
[SourceVersion "1"]
[SourceVersionDate "2021.10.06"]
[SourceQuality "1"]

1. e4 c5 2. Nc3 Nc6 3. g3 g6 4. Bg2 Bg7 5. d3 Nf6 6. Be3 d6 7. h3 0-0 8. Qd2 Re8 9. Bh6 Bh8 10. Nge2 Rb8 11. 0-0 b5 12. f4 Nd7 13. f5 Nd4 14. fxg6 hxg6 15. Nxd4 Bxd4+ 16. Kh2 b4 17. Nd1 Bf6 18. c3 bxc3 19. bxc3 Ba6 20. Ne3 Ne5 21. c4 Nc6 22. Rxf6 exf6 23. Nd5 Nb4 24. Ne3 Nc6 25. Rf1 Re6 26. h4 Qb6 27. Nd5 Qb2 28. Nxf6+ Rxf6 29. Rxf6 Qxd2 30. Bxd2 Rd8 31. Bc3 Bc8 32. h5 gxh5 33. Rh6 Ne5 34. Rxh5 Re8 35. Bxe5 dxe5 36. Bh3 Bxh3 37. Kxh3 f6 38. Rf5 Kf7 39. Rf2 Rd8 40. Rd2 Ke6 41. Kg4 Rg8+ 42. Kf3 Rh8 43. Rb2 Rd8 44. Rb3 Rd7 45. a4 Rc7 46. a5 Rc6 47. Rb5 Kd6 48. Kg4 Rc8 49. Rb7 Rg8+ 50. Kf3 Rh8 51. Rxa7 Rh1 52. Ra8 Rf1+ 53. Ke2 Rg1 54. Kf2 Rd1 55. a6 Kc6 56. Rd8 Kb6 57. Rd6+ Ka7 58. Kf3 Rd2 59. Kg4 Rg2 60. Rxf6 Rd2 61. Rd6 Rd1 62. Kf5 Rb1 63. g4 1-0

[Event "Solta op 4th"]
[Site "Grohote"]
[Date "2021.08.10"]
[Round "4"]
[White "Maksimovic, Masa"]
[Black "Mazi, Leon"]
[Result "0-1"]
[WhiteElo "2026"]
[BlackElo "2327"]
[PlyCount "94"]
[EventDate "2021.08.08"]
[EventType "swiss"]
[EventRounds "9"]
[EventCountry "CRO"]
[SourceTitle "CBM 203 Extra"]
[Source "ChessBase"]
[SourceDate "2021.09.30"]
[SourceVersion "1"]
[SourceVersionDate "2021.09.30"]
[SourceQuality "1"]

1. e4 c5 2. Nf3 e6 3. d4 cxd4 4. Nxd4 Nf6 5. Nc3 d6 6. Be2 Be7 7. 0-0 a6 8. f4 Qc7 9. Be3 0-0 10. a4 Nc6 11. Nb3 b6 12. Bf3 Bb7 13. Qe1 Rfe8 14. Qg3 Nd7 15. Rae1 Bf6 16. f5 Nce5 17. fxe6 fxe6 18. Bh5 g6 19. Be2 Bg7 20. h4 Nf6 21. Nd2 Rf8 22. Qh3 Rae8 23. h5 gxh5 24. Bxh5 Nxh5 25. Qxh5 Bc6 26. Bh6 b5 27. axb5 axb5 28. Qg5 b4 29. Rxf8+ Rxf8 30. Bxg7 Qxg7 31. Qxg7+ Kxg7 32. Na2 Rb8 33. Re3 Ba4 34. b3 Be8 35. c3 bxc3 36. Rxc3 Kf6 37. Rc7 Bg6 38. Nc3 Nd3 39. Na4 Ke5 40. Nc4+ Kf4 41. Nxd6 Rxb3 42. Rc3 Rb1+ 43. Kh2 Rd1 44. g3+ Kg4 45. Nc4 Kg5 46. e5 Be4 47. g4 Kh4 0-1

[Event "Solta op 4th"]
[Site "Grohote"]
[Date "2021.08.09"]
[Round "3"]
[White "De Strycker, Nathan"]
[Black "Maksimovic, Masa"]
[Result "1/2-1/2"]
[WhiteElo "2297"]
[BlackElo "2026"]
[PlyCount "41"]
[EventDate "2021.08.08"]
[EventType "swiss"]
[EventRounds "9"]
[EventCountry "CRO"]
[SourceTitle "CBM 203 Extra"]
[Source "ChessBase"]
[SourceDate "2021.09.30"]
[SourceVersion "1"]
[SourceVersionDate "2021.09.30"]
[SourceQuality "1"]

1. Nf3 Nf6 2. d4 c5 3. e3 e6 4. dxc5 Bxc5 5. a3 d5 6. c4 0-0 7. Nc3 dxc4 8. Bxc4 Qxd1+ 9. Kxd1 Nc6 10. Ke2 a6 11. b4 Be7 12. Bb2 b5 13. Bd3 Bb7 14. Rhg1 Nd7 15. Ne4 Nb6 16. Rac1 Rac8 17. Ba1 Nb8 18. Bd4 N8d7 19. Nfd2 e5 20. Bxb6 Nxb6 21. Nb3 1/2-1/2

[Event "Belgrade Serbia op"]
[Site "Belgrade"]
[Date "2021.07.06"]
[Round "7"]
[White "Maksimovic, Masa"]
[Black "Azaric, Slavko"]
[Result "1/2-1/2"]
[WhiteElo "2008"]
[BlackElo "2254"]
[PlyCount "40"]
[EventDate "2021.07.02"]
[EventType "swiss"]
[EventRounds "9"]
[EventCountry "SRB"]
[SourceTitle "EXT 2022"]
[Source "ChessBase"]
[SourceDate "2021.10.06"]
[SourceVersion "1"]
[SourceVersionDate "2021.10.06"]
[SourceQuality "1"]

1. e4 e5 2. Nf3 Nc6 3. Bb5 a6 4. Ba4 Nge7 5. Nc3 Ng6 6. d3 Bb4 7. Bg5 f6 8. Bd2 Nce7 9. a3 Bxc3 10. Bxc3 b5 11. Bb3 c5 12. a4 Bb7 13. Bd2 d5 14. Qe2 c4 15. Ba2 dxe4 16. dxe4 Qc7 17. 0-0 Qc6 18. Rfd1 Nc8 19. Bb4 Nf4 20. Qe3 Nb6 1/2-1/2

[Event "Belgrade Serbia op"]
[Site "Belgrade"]
[Date "2021.07.06"]
[Round "6"]
[White "Strugnell, Carl"]
[Black "Maksimovic, Masa"]
[Result "1/2-1/2"]
[WhiteElo "2229"]
[BlackElo "2008"]
[PlyCount "95"]
[EventDate "2021.07.02"]
[EventType "swiss"]
[EventRounds "9"]
[EventCountry "SRB"]
[SourceTitle "EXT 2022"]
[Source "ChessBase"]
[SourceDate "2021.10.06"]
[SourceVersion "1"]
[SourceVersionDate "2021.10.06"]
[SourceQuality "1"]

1. e4 c5 2. Nf3 d6 3. d4 cxd4 4. Nxd4 Nf6 5. f3 e5 6. Nb3 d5 7. Bg5 dxe4 8. Qxd8+ Kxd8 9. Nc3 Be6 10. Nxe4 Nbd7 11. 0-0-0 Kc7 12. Bxf6 gxf6 13. Kb1 a6 14. Bd3 Rd8 15. Rhf1 h5 16. f4 exf4 17. Rxf4 Bh6 18. Rff1 Rhg8 19. g3 Bg4 20. Rde1 Rge8 21. Nd4 Re5 22. Nf2 Rxe1+ 23. Rxe1 Ne5 24. Nxg4 hxg4 25. Nf5 Bg5 26. Rd1 Rh8 27. Rh1 Rd8 28. Rd1 Nf3 29. Rh1 Re8 30. c3 Re5 31. Nd4 Nxd4 32. cxd4 Rd5 33. Kc2 Rxd4 34. Re1 Kd6 35. Kc3 Rd5 36. b4 Re5 37. Rd1 Rd5 38. a4 Be3 39. Rf1 Bd4+ 40. Kc2 Rg5 41. Be4 b6 42. Kd3 Be5 43. Rf2 a5 44. bxa5 bxa5 45. Bf5 Rg8 46. Ke4 Kc5 47. Rd2 Kb4 48. Bd7 1/2-1/2

[Event "Belgrade Serbia op"]
[Site "Belgrade"]
[Date "2021.07.04"]
[Round "4"]
[White "Antova, Gabriela"]
[Black "Maksimovic, Masa"]
[Result "1-0"]
[WhiteElo "2241"]
[BlackElo "2008"]
[PlyCount "101"]
[EventDate "2021.07.02"]
[EventType "swiss"]
[EventRounds "9"]
[EventCountry "SRB"]
[SourceTitle "CBM 203 Extra"]
[Source "ChessBase"]
[SourceDate "2021.09.30"]
[SourceVersion "1"]
[SourceVersionDate "2021.09.30"]
[SourceQuality "1"]

1. d4 d5 2. c4 dxc4 3. Nf3 Nf6 4. Nc3 a6 5. e4 b5 6. e5 Nd5 7. a4 Bb7 8. e6 fxe6 9. Ng5 Nxc3 10. bxc3 Qd5 11. Be2 Qxg2 12. Rf1 Nd7 13. Nxe6 Rc8 14. axb5 axb5 15. Ra7 g6 16. f3 Ba8 17. Rxc7 Rb8 18. Nc5 Nf6 19. Bf4 Nh5 20. Be5 Bg7 21. Rd7 Bxe5 22. dxe5 Bc6 23. Rxe7+ Kxe7 24. Qd6+ Kf7 25. Qc7+ Kg8 26. Qxb8+ Kg7 27. Ne6+ Kf7 28. Qxh8 Kxe6 29. Qc8+ Bd7 30. Qc5 Kf7 31. Qd6 Bf5 32. Rf2 Qg1+ 33. Rf1 Qe3 34. Qd4 Qxd4 35. cxd4 Nf4 36. Rf2 Ke6 37. Kd2 Kd5 38. Kc3 g5 39. Bf1 Kc6 40. Bxc4 bxc4 41. Kxc4 Bd3+ 42. Kc3 Be2 43. Kd2 Bc4 44. Ke3 Be6 45. Ke4 Bd5+ 46. Ke3 Bc4 47. h4 h6 48. hxg5 hxg5 49. Rb2 Nd5+ 50. Ke4 Ne7 51. Rc2 1-0

[Event "Belgrade-chT Quality"]
[Site "Belgrade"]
[Date "2020.11.07"]
[Round "8.2"]
[White "Matic, Petar"]
[Black "Maksimovic, Masa"]
[Result "1/2-1/2"]
[WhiteElo "2153"]
[BlackElo "2009"]
[PlyCount "65"]
[EventDate "2020.10.09"]
[EventType "team-tourn"]
[EventRounds "9"]
[EventCountry "SRB"]
[SourceTitle "EXT 2022"]
[Source "ChessBase"]
[SourceDate "2021.10.06"]
[SourceVersion "1"]
[SourceVersionDate "2021.10.06"]
[SourceQuality "1"]
[WhiteTeam "Belgrade Tehnicka Skola"]
[BlackTeam "Belgrade Turbina"]
[WhiteTeamCountry "SRB"]
[BlackTeamCountry "SRB"]

1. d4 Nf6 2. c4 c5 3. d5 b5 4. cxb5 a6 5. b6 e6 6. Nc3 exd5 7. Nxd5 Nxd5 8. Qxd5 Nc6 9. Nf3 Rb8 10. e4 Be7 11. Bc4 0-0 12. 0-0 Rxb6 13. Be3 d6 14. Qd2 Bg4 15. Be2 Bf6 16. Rab1 Re8 17. a3 Bxf3 18. Bxf3 Nd4 19. b4 Nxf3+ 20. gxf3 Rc6 21. Rfc1 Qc8 22. bxc5 dxc5 23. Rc4 Qh3 24. Rxc5 Rxc5 25. Bxc5 Be5 26. f4 Qg4+ 27. Kh1 Bxf4 28. Qd3 Qh4 29. h3 Qh6 30. Rg1 Be5 31. Qf3 Rc8 32. Be3 Rc6 33. Rg4 1/2-1/2

[Event "Belgrade-chT Quality"]
[Site "Belgrade"]
[Date "2020.11.06"]
[Round "7.3"]
[White "Trailovic, Aleksandar"]
[Black "Maksimovic, Masa"]
[Result "1-0"]
[WhiteElo "2127"]
[BlackElo "2009"]
[PlyCount "57"]
[EventDate "2020.10.09"]
[EventType "team-tourn"]
[EventRounds "9"]
[EventCountry "SRB"]
[SourceTitle "EXT 2022"]
[Source "ChessBase"]
[SourceDate "2021.10.06"]
[SourceVersion "1"]
[SourceVersionDate "2021.10.06"]
[SourceQuality "1"]
[WhiteTeam "Belgrade Teleoptik"]
[BlackTeam "Belgrade Turbina"]
[WhiteTeamCountry "SRB"]
[BlackTeamCountry "SRB"]

1. e4 c5 2. Nc3 Nc6 3. f4 e6 4. Nf3 d5 5. Bb5 Nge7 6. exd5 Nxd5 7. Ne5 Bd7 8. Bxc6 Bxc6 9. Nxc6 bxc6 10. Qf3 Bd6 11. 0-0 Qc7 12. d3 0-0 13. Ne4 Be7 14. Be3 Qb6 15. Rab1 Nxe3 16. Qxe3 c4 17. d4 Rac8 18. f5 exf5 19. Rxf5 Rcd8 20. c3 Rd5 21. Ng3 Bf6 22. Qe2 Rxf5 23. Nxf5 Qa5 24. Rf1 Qd5 25. Qe7 Rd8 26. Nh6+ gxh6 27. Rxf6 Rd7 28. Qe3 Rd6 29. Qg3+ 1-0

[Event "Titled Tuesday intern op 15th Sept"]
[Site "Chess.com INT"]
[Date "2020.09.15"]
[Round "10"]
[White "Maksimovic, Masa"]
[Black "Playa, Marcelo"]
[Result "1-0"]
[WhiteElo "2009"]
[BlackElo "2376"]
[PlyCount "33"]
[EventDate "2020.09.15"]
[EventType "swiss (blitz)"]
[EventRounds "10"]
[EventCountry "USA"]
[SourceTitle "CBM 198 Extra"]
[Source "ChessBase"]
[SourceDate "2020.11.30"]
[SourceVersion "1"]
[SourceVersionDate "2020.11.30"]
[SourceQuality "1"]

1. e4 e6 2. d4 d5 3. Nc3 Bb4 4. e5 c5 5. Bd2 cxd4 6. Nb5 Bxd2+ 7. Qxd2 Nc6 8. Nf3 Nge7 9. Nbxd4 0-0 10. Bd3 Ng6 11. Bxg6 hxg6 12. 0-0 a6 13. Rae1 Qa5 14. Nxc6 Qxd2 15. Ne7+ Kh8 16. Nxd2 Bd7 17. Re3 1-0

[Event "Titled Tuesday intern op 08th Sept"]
[Site "Chess.com INT"]
[Date "2020.09.08"]
[Round "6"]
[White "Maksimovic, Masa"]
[Black "Jenni, Florian"]
[Result "0-1"]
[WhiteElo "2009"]
[BlackElo "2456"]
[PlyCount "102"]
[EventDate "2020.09.08"]
[EventType "swiss (blitz)"]
[EventRounds "10"]
[EventCountry "USA"]
[SourceTitle "CBM 198 Extra"]
[Source "ChessBase"]
[SourceDate "2020.11.30"]
[SourceVersion "1"]
[SourceVersionDate "2020.11.30"]
[SourceQuality "1"]

1. e4 e5 2. Nf3 Nc6 3. Bb5 a6 4. Ba4 Nf6 5. 0-0 Be7 6. Re1 b5 7. Bb3 d6 8. c3 0-0 9. h3 Bb7 10. d4 Re8 11. Nbd2 Bf8 12. Bc2 Nb8 13. d5 c6 14. dxc6 Bxc6 15. Nf1 h6 16. Ng3 Nbd7 17. b3 d5 18. exd5 Bxd5 19. a4 Qc7 20. axb5 axb5 21. Rxa8 Bxa8 22. Bb2 Bc5 23. Ne4 Nxe4 24. Bxe4 Bxe4 25. Rxe4 Nf6 26. Re1 e4 27. Nd4 Rd8 28. Qe2 Bxd4 29. cxd4 Rd5 30. Rc1 Qd7 31. Rc5 g5 32. Qc2 Kg7 33. Rc7 Qf5 34. Rc5 h5 35. b4 Kg6 36. Rxd5 Nxd5 37. Qc5 Nf4 38. Qxf5+ Kxf5 39. Kf1 Nd5 40. Ke2 Nxb4 41. Bc1 Nd5 42. g3 g4 43. hxg4+ Kxg4 44. Bh6 f5 45. Bf8 f4 46. gxf4 Kxf4 47. Bg7 h4 48. Be5+ Kg4 49. Bd6 h3 50. Bb8 b4 51. Be5 b3 0-1

[Event "Titled Tuesday intern op 01st Sept"]
[Site "Chess.com INT"]
[Date "2020.09.01"]
[Round "5"]
[White "Hamley, Ryan"]
[Black "Maksimovic, Masa"]
[Result "1-0"]
[WhiteElo "2089"]
[BlackElo "2009"]
[PlyCount "81"]
[EventDate "2020.09.01"]
[EventType "swiss (blitz)"]
[EventRounds "10"]
[EventCountry "USA"]
[SourceTitle "CBM 198 Extra"]
[Source "ChessBase"]
[SourceDate "2020.11.30"]
[SourceVersion "1"]
[SourceVersionDate "2020.11.30"]
[SourceQuality "1"]

1. e4 g6 2. d4 Bg7 3. c4 d6 4. Nc3 e5 5. d5 f5 6. exf5 gxf5 7. Qh5+ Kf8 8. Qd1 Nf6 9. Nf3 h6 10. Be2 Na6 11. a3 Nc5 12. Nd2 a5 13. Rb1 a4 14. b4 axb3 15. Nxb3 Nxb3 16. Qxb3 b6 17. 0-0 Kg8 18. f4 e4 19. Nb5 Nd7 20. Bb2 Nc5 21. Qg3 Rh7 22. Nd4 Kh8 23. Nc6 Qf8 24. Bd4 Bd7 25. Bxc5 bxc5 26. Rb7 Bxc6 27. dxc6 Bd4+ 28. Kh1 Qe8 29. Rfb1 Rg7 30. Qh4 Kh7 31. Qh3 Qf8 32. R1b3 Ra6 33. Rb8 Qf6 34. Rc8 Rg8 35. Rxg8 Kxg8 36. Qh5 Ra8 37. Rb7 Bf2 38. Rxc7 Rxa3 39. Qe8+ Qf8 40. Qg6+ Kh8 41. Qh7# 1-0

[Event "Titled Tuesday intern op 01st Sept"]
[Site "Chess.com INT"]
[Date "2020.09.01"]
[Round "3"]
[White "Maksimovic, Masa"]
[Black "Tanaka, Taira Tyler"]
[Result "0-1"]
[WhiteElo "2009"]
[BlackElo "2099"]
[PlyCount "104"]
[EventDate "2020.09.01"]
[EventType "swiss (blitz)"]
[EventRounds "10"]
[EventCountry "USA"]
[SourceTitle "CBM 198 Extra"]
[Source "ChessBase"]
[SourceDate "2020.11.30"]
[SourceVersion "1"]
[SourceVersionDate "2020.11.30"]
[SourceQuality "1"]

1. e4 c5 2. Nf3 d6 3. d4 cxd4 4. Nxd4 Nf6 5. Nc3 g6 6. Be3 Bg7 7. f3 0-0 8. Qd2 Nc6 9. 0-0-0 Nxd4 10. Bxd4 Be6 11. g4 Qa5 12. g5 Nh5 13. Bxg7 Kxg7 14. b3 Rfc8 15. Kb2 Kg8 16. Be2 Rab8 17. f4 Nxf4 18. Bf3 b5 19. h4 Rc5 20. a3 b4 21. axb4 Rxb4 22. Ra1 Qc7 23. Rh2 a5 24. Ra4 Nh5 25. Bxh5 gxh5 26. Rf2 Qb6 27. Rxb4 Qxb4 28. Nd5 Bxd5 29. exd5 Qe4 30. Rf4 Qe5+ 31. Ka2 Rxd5 32. Qf2 Qe6 33. Qa7 Rc5 34. Qb8+ Kg7 35. Rf2 a4 36. Qb4 axb3+ 37. cxb3 Re5 38. Qd4 Qd5 39. Qxd5 Rxd5 40. b4 e5 41. Rb2 Rb5 42. Ka3 Kg6 43. Ka4 Rb8 44. b5 e4 45. Ka5 Kf5 46. b6 d5 47. Rb5 Ke5 48. b7 e3 49. Kb6 e2 50. Rb1 d4 51. Kc7 Rxb7+ 52. Kxb7 d3 0-1

[Event "Titled Tuesday intern op 12th May"]
[Site "Chess.com INT"]
[Date "2020.05.12"]
[Round "8"]
[White "Swicarz, Maciej"]
[Black "Maksimovic, Masa"]
[Result "1-0"]
[WhiteElo "2325"]
[BlackElo "2009"]
[PlyCount "83"]
[EventDate "2020.05.12"]
[EventType "swiss (blitz)"]
[EventRounds "10"]
[EventCountry "USA"]
[SourceTitle "EXT 2021"]
[Source "ChessBase"]
[SourceDate "2020.10.23"]
[SourceVersion "1"]
[SourceVersionDate "2020.10.23"]
[SourceQuality "1"]

1. c4 g6 2. Nc3 Bg7 3. g3 d6 4. Bg2 e5 5. e4 Nc6 6. Nge2 f5 7. 0-0 Nf6 8. d3 0-0 9. Rb1 h6 10. b4 g5 11. b5 Ne7 12. exf5 Nxf5 13. a4 Rb8 14. Nd5 Be6 15. Nec3 Ne7 16. Nxf6+ Bxf6 17. Be3 b6 18. a5 Nf5 19. axb6 axb6 20. Nd5 Nxe3 21. fxe3 Bg7 22. Ra1 Kh8 23. Ra7 Bxd5 24. Bxd5 Rxf1+ 25. Qxf1 Qe7 26. Qf5 Rf8 27. Ra8 Rxa8 28. Bxa8 Kg8 29. Bd5+ Kh8 30. Be4 Kg8 31. Bd5+ Kh8 32. Qc8+ Bf8 33. Kg2 Kg7 34. h3 Kh8 35. Qf5 Bg7 36. Qg6 Qf8 37. Be4 Kg8 38. Qe6+ Kh8 39. Qd7 h5 40. Qxc7 g4 41. hxg4 hxg4 42. Qd7 1-0